| 000 | 01155cam a22002894a 4500 | ||
|---|---|---|---|
| 999 |
_c126753 _d126753 |
||
| 001 | 11902635 | ||
| 003 | ARRUPE | ||
| 005 | 20170824100557.0 | ||
| 008 | 000203s2000 ilu b 000 0 eng | ||
| 010 | _a 00024894 | ||
| 020 | _a0830815791 (pkb. : alk. paper) | ||
| 040 |
_aDLC _cDLC _dDLC |
||
| 042 | _apcc | ||
| 043 |
_an-us--- _acc----- _an-mx--- |
||
| 050 | 0 | 0 |
_aBR563.N4 _bM297 2000 |
| 082 | 0 | 0 |
_a264/.0089 _221 |
| 100 | 2 |
_aMaynard-Reid, Pedrito U. _935171 |
|
| 245 | 1 | 0 |
_aDiverse worship : _bAfrican-American, Caribbean & Hispanic perspectives / _cPedrito U. Maynard-Reid. |
| 260 |
_aDowners Grove, Ill. : _bInterVarsity Press, _cc2000. |
||
| 300 |
_a259 p. ; _c21 cm. |
||
| 504 | _aIncludes bibliographical references (p. [247]-259). | ||
| 650 | 0 |
_aAfrican American public worship. _935172 |
|
| 650 | 0 |
_aPublic worship _zCaribbean area. _935173 |
|
| 650 | 0 |
_aPublic worship _zMexico. _935174 |
|
| 650 | 0 |
_aHispanic Americans _xReligion. _922587 |
|
| 906 |
_a7 _bcbc _corignew _d1 _eocip _f20 _gy-gencatlg |
||
| 942 |
_2lcc _cMONOGRAPH |
||